[Event "WYCC Open U12"]
[Site "Porto Carras"]
[Date "2015.10.28"]
[Round "4.8"]
[White "Pribelszky, Bence"]
[Black "Baasansuren, Erdene"]
[Result "1/2-1/2"]
[BlackElo "2287"]
[WhiteElo "2064"]
[LiveChessVersion "1.4.6"]

1. e4 {[%clk 1:30:30]} c5 {[%clk 1:30:44]} 2. Nf3 {[%clk 1:30:49]} d6
{[%clk 1:30:52]} 3. d4 {[%clk 1:31:11]} cxd4 {[%clk 1:30:55]} 4. Nxd4
{[%clk 1:31:30]} Nf6 {[%clk 1:30:27]} 5. Nc3 {[%clk 1:31:48]} a6 {[%clk 1:30:22]}
6. Bc4 {[%clk 1:32:01]} e6 {[%clk 1:30:09]} 7. Bb3 {[%clk 1:32:01]} Nbd7
{[%clk 1:30:08]} 8. Be3 {[%clk 1:24:21]} Nc5 {[%clk 1:29:16]} 9. f3
{[%clk 1:24:12]} Be7 {[%clk 1:28:32]} 10. Qd2 {[%clk 1:21:25]} Qc7
{[%clk 1:27:38]} 11. g4 {[%clk 1:14:31]} b5 {[%clk 1:25:56]} 12. a3
{[%clk 1:13:11]} Nfd7 {[%clk 1:20:30]} 13. O-O-O {[%clk 1:10:02]} Rb8
{[%clk 1:16:14]} 14. Kb1 {[%clk 1:07:06]} O-O {[%clk 1:12:11]} 15. g5
{[%clk 1:02:19]} Ne5 {[%clk 1:11:27]} 16. Qe2 {[%clk 0:56:27]} b4
{[%clk 1:09:40]} 17. axb4 {[%clk 0:53:42]} Rxb4 {[%clk 1:09:42]} 18. f4
{[%clk 0:53:06]} Nxb3 {[%clk 1:05:01]} 19. cxb3 {[%clk 0:43:45]} Nc6
{[%clk 1:01:52]} 20. Qh5 {[%clk 0:41:08]} Rd8 {[%clk 0:35:22]} 21. Rd3
{[%clk 0:27:06]} g6 {[%clk 0:34:36]} 22. Qh6 {[%clk 0:20:04]} Bf8
{[%clk 0:34:24]} 23. Qh4 {[%clk 0:20:18]} Bg7 {[%clk 0:34:08]} 24. Rhd1
{[%clk 0:15:08]} Na5 {[%clk 0:29:41]} 25. Na2 {[%clk 0:11:04]} Rb8
{[%clk 0:28:14]} 26. Qe1 {[%clk 0:06:04]} Bd7 {[%clk 0:17:12]} 27. Rc1
{[%clk 0:05:34]} Nc6 {[%clk 0:16:41]} 28. Nxc6 {[%clk 0:04:50]} Bxc6
{[%clk 0:17:00]} 29. Nb4 {[%clk 0:05:02]} Rxb4 {[%clk 0:16:41]} 30. Qxb4
{[%clk 0:05:19]} Qd7 {[%clk 0:16:29]} 31. Bb6 {[%clk 0:03:21]} Qb7
{[%clk 0:13:32]} 32. Rxd6 {[%clk 0:03:15]} Bxe4+ {[%clk 0:12:30]} 33. Ka2
{[%clk 0:03:22]} Rb8 {[%clk 0:12:43]} 34. Qd2 {[%clk 0:01:08]} Bd5
{[%clk 0:09:26]} 35. Rc7 {[%clk 0:00:33]} Bxb3+ {[%clk 0:09:37]} 36. Ka3
{[%clk 0:00:36]} Qf3 {[%clk 0:09:25]} 37. Rc3 {[%clk 0:00:32]} Bxc3
{[%clk 0:09:24]} 38. bxc3 {[%clk 0:00:42]} Bd5 {[%clk 0:09:33]} 39. Qd4
{[%clk 0:00:34]} Rc8 {[%clk 0:06:22]} 40. Rd8+ {[%clk 0:00:34]} Rxd8
{[%clk 0:36:44]} 41. Bxd8 {[%clk 0:31:00]} Qe2 {[%clk 0:35:58]} 42. Qc5
{[%clk 0:10:37]} 1/2-1/2

[Event "WYCC Open U12"]
[Site "Porto Carras"]
[Date "2015.10.28"]
[Round "4.9"]
[White "Spyropoulos, Nikolaos"]
[Black "Sahidi, Samir"]
[Result "0-1"]
[BlackElo "2244"]
[WhiteElo "2023"]
[LiveChessVersion "1.4.6"]

1. e4 {[%clk 1:30:55]} c5 {[%clk 1:30:03]} 2. Nf3 {[%clk 1:30:55]} a6
{[%clk 1:28:38]} 3. c4 {[%clk 1:28:20]} Nc6 {[%clk 1:24:35]} 4. d4
{[%clk 1:24:38]} cxd4 {[%clk 1:21:51]} 5. Nxd4 {[%clk 1:24:25]} g6
{[%clk 1:19:46]} 6. Be3 {[%clk 1:21:33]} Bg7 {[%clk 1:17:39]} 7. Nc3
{[%clk 1:19:02]} d6 {[%clk 1:16:32]} 8. Be2 {[%clk 1:15:25]} Nf6 {[%clk 1:13:38]}
9. O-O {[%clk 1:14:37]} O-O {[%clk 1:13:24]} 10. Rc1 {[%clk 1:13:03]} Bd7
{[%clk 1:08:59]} 11. Qd2 {[%clk 1:06:37]} Rc8 12. f3 {[%clk 1:03:24]} Re8
{[%clk 0:55:03]} 13. Rfd1 {[%clk 0:58:24]} Nxd4 {[%clk 0:50:11]} 14. Bxd4
{[%clk 0:58:37]} Be6 {[%clk 0:47:12]} 15. Nd5 {[%clk 0:51:02]} Bxd5
{[%clk 0:44:28]} 16. cxd5 {[%clk 0:49:12]} Qd7 {[%clk 0:41:52]} 17. b3
{[%clk 0:46:11]} h5 {[%clk 0:39:35]} 18. Rc4 {[%clk 0:36:16]} Rxc4
{[%clk 0:34:40]} 19. bxc4 {[%clk 0:35:25]} Rb8 {[%clk 0:27:42]} 20. Rb1
{[%clk 0:34:57]} Qc7 {[%clk 0:27:08]} 21. Qc3 {[%clk 0:30:02]} Ne8
{[%clk 0:24:52]} 22. Bxg7 {[%clk 0:29:12]} Nxg7 {[%clk 0:25:17]} 23. Qb4
{[%clk 0:28:37]} Ne8 {[%clk 0:22:14]} 24. Qb6 {[%clk 0:28:24]} Qxb6+
{[%clk 0:21:07]} 25. Rxb6 {[%clk 0:28:46]} Nf6 {[%clk 0:21:04]} 26. Kf2
{[%clk 0:28:27]} Nd7 {[%clk 0:20:10]} 27. Rb4 {[%clk 0:27:28]} Kf8
{[%clk 0:18:44]} 28. Ke3 {[%clk 0:27:30]} Ke8 {[%clk 0:18:04]} 29. f4
{[%clk 0:26:41]} Kd8 {[%clk 0:16:10]} 30. Kd4 {[%clk 0:23:16]} Kc7
{[%clk 0:13:08]} 31. Rb2 {[%clk 0:22:30]} Rg8 {[%clk 0:12:19]} 32. Bd1
{[%clk 0:21:09]} e5+ {[%clk 0:08:17]} 33. fxe5 {[%clk 0:18:32]} dxe5+
{[%clk 0:08:07]} 34. Ke3 {[%clk 0:18:17]} b6 {[%clk 0:07:14]} 35. Rf2
{[%clk 0:18:04]} Rf8 {[%clk 0:07:09]} 36. g4 {[%clk 0:16:50]} h4 {[%clk 0:06:32]}
37. g5 {[%clk 0:12:30]} f5 {[%clk 0:06:23]} 38. gxf6 {[%clk 0:12:49]} Rxf6
{[%clk 0:06:34]} 39. Rxf6 {[%clk 0:10:12]} Nxf6 {[%clk 0:06:51]} 40. Kd3
{[%clk 0:39:37]} Kd6 {[%clk 0:36:28]} 41. h3 {[%clk 0:37:10]} Kc5
{[%clk 0:33:57]} 42. a3 {[%clk 0:35:44]} Ne8 {[%clk 0:33:05]} 43. Be2
{[%clk 0:34:46]} Nd6 {[%clk 0:24:44]} 44. Ke3 {[%clk 0:34:58]} b5
{[%clk 0:24:52]} 45. cxb5 {[%clk 0:34:46]} axb5 {[%clk 0:25:18]} 46. Kf3
{[%clk 0:29:27]} g5 {[%clk 0:22:23]} 47. Bf1 {[%clk 0:27:13]} Nc4
{[%clk 0:18:18]} 48. Bd3 {[%clk 0:26:19]} Nxa3 {[%clk 0:18:09]} 49. Kg4
{[%clk 0:26:38]} b4 {[%clk 0:18:07]} 50. Kxg5 {[%clk 0:26:47]} b3
{[%clk 0:18:17]} 51. Kxh4 {[%clk 0:26:06]} b2 {[%clk 0:18:09]} 52. Kg5
{[%clk 0:25:53]} Kd4 {[%clk 0:17:47]} 53. d6 {[%clk 0:26:00]} Kxd3
{[%clk 0:18:08]} 54. d7 {[%clk 0:26:24]} b1=Q {[%clk 0:18:16]} 55. d8=Q+
{[%clk 0:26:45]} Ke2 {[%clk 0:17:18]} 56. Qd5 {[%clk 0:23:45]} Qc1+
{[%clk 0:16:25]} 57. Kf5 {[%clk 0:23:43]} Nc4 {[%clk 0:16:45]} 58. Ke6
{[%clk 0:22:34]} Qh6+ {[%clk 0:16:34]} 59. Ke7 {[%clk 0:22:10]} Qh7+
{[%clk 0:15:41]} 60. Kf6 {[%clk 0:22:01]} Qh4+ {[%clk 0:15:34]} 61. Kf7
{[%clk 0:21:32]} Qf2+ {[%clk 0:13:43]} 62. Ke7 {[%clk 0:21:23]} Qa7+
{[%clk 0:13:09]} 63. Kf6 {[%clk 0:21:03]} Qb6+ {[%clk 0:12:50]} 64. Ke7
{[%clk 0:21:08]} Qc7+ {[%clk 0:12:22]} 65. Ke6 {[%clk 0:20:41]} Ke3
{[%clk 0:12:27]} 66. Kf5 {[%clk 0:18:07]} Qh7+ {[%clk 0:12:21]} 67. Kf6
{[%clk 0:18:20]} Qxe4 {[%clk 0:12:02]} 68. Qc5+ {[%clk 0:14:59]} Qd4
{[%clk 0:11:40]} 69. Qb4 {[%clk 0:15:01]} e4+ {[%clk 0:11:58]} 70. Kg5
{[%clk 0:15:07]} Qe5+ {[%clk 0:11:49]} 71. Kg4 {[%clk 0:15:02]} Qf4+
{[%clk 0:11:27]} 72. Kh5 {[%clk 0:15:24]} Kd4 {[%clk 0:11:43]} 73. Qb1
{[%clk 0:14:45]} Qf5+ {[%clk 0:11:50]} 74. Kh4 {[%clk 0:15:07]} Qh7+
{[%clk 0:12:11]} 75. Kg3 {[%clk 0:15:20]} Qg6+ {[%clk 0:12:34]} 76. Kh4
{[%clk 0:15:41]} Qh6+ {[%clk 0:13:00]} 77. Kg3 {[%clk 0:16:03]} Qg5+
{[%clk 0:13:25]} 78. Kh2 {[%clk 0:16:22]} Qf4+ {[%clk 0:13:50]} 79. Kh1
{[%clk 0:16:39]} Qf3+ {[%clk 0:13:47]} 80. Kh2 {[%clk 0:17:01]} Qe2+
{[%clk 0:13:44]} 81. Kh1 {[%clk 0:16:57]} e3 {[%clk 0:13:50]} 82. Qa1+
{[%clk 0:17:12]} Kd3 {[%clk 0:13:35]} 83. Qb1+ {[%clk 0:17:31]} Qc2
{[%clk 0:13:56]} 84. Qf1+ {[%clk 0:17:52]} e2 {[%clk 0:13:48]} 85. Qf5+
{[%clk 0:18:08]} Kd2 {[%clk 0:13:59]} 86. Qf4+ {[%clk 0:18:20]} Ne3
{[%clk 0:13:54]} 87. Qd4+ {[%clk 0:18:42]} Qd3 {[%clk 0:14:20]} 88. Qb4+
{[%clk 0:18:50]} Qc3 {[%clk 0:14:41]} 89. Qd6+ {[%clk 0:19:15]} Kc1
{[%clk 0:14:58]} 0-1

[Event "WYCC Open U12"]
[Site "Porto Carras"]
[Date "2015.10.28"]
[Round "4.10"]
[White "Lukin, Elisha"]
[Black "Bjerre, Jonas"]
[Result "1-0"]
[BlackElo "2193"]
[WhiteElo "1995"]
[LiveChessVersion "1.4.6"]

1. d4 {[%clk 1:30:58]} Nf6 {[%clk 1:30:54]} 2. c4 {[%clk 1:31:23]} e6
{[%clk 1:31:17]} 3. Nc3 {[%clk 1:31:48]} Bb4 {[%clk 1:31:40]} 4. Nf3
{[%clk 1:32:10]} c5 {[%clk 1:31:22]} 5. e3 {[%clk 1:32:29]} O-O {[%clk 1:31:11]}
6. Bd3 {[%clk 1:32:53]} d5 {[%clk 1:31:04]} 7. O-O {[%clk 1:33:02]} Nc6
{[%clk 1:31:07]} 8. a3 {[%clk 1:33:12]} Bxc3 {[%clk 1:31:23]} 9. bxc3
{[%clk 1:33:36]} Qc7 {[%clk 1:31:17]} 10. Bb2 {[%clk 1:32:57]} Na5
{[%clk 1:27:17]} 11. cxd5 {[%clk 1:27:41]} exd5 {[%clk 1:27:05]} 12. Ne5
{[%clk 1:27:58]} c4 {[%clk 1:26:00]} 13. Bc2 {[%clk 1:27:07]} Nc6
{[%clk 1:24:25]} 14. f4 {[%clk 1:26:51]} Ne7 {[%clk 1:18:51]} 15. Qb1
{[%clk 1:07:16]} g6 {[%clk 1:16:45]} 16. f5 {[%clk 1:00:46]} Bxf5
{[%clk 1:11:48]} 17. Bxf5 {[%clk 1:00:56]} gxf5 {[%clk 1:11:48]} 18. a4
{[%clk 0:47:47]} Ne4 {[%clk 1:10:27]} 19. Qe1 {[%clk 0:44:30]} f6
{[%clk 1:08:19]} 20. Nf3 {[%clk 0:44:51]} f4 {[%clk 1:03:26]} 21. exf4
{[%clk 0:37:03]} Qxf4 {[%clk 1:03:27]} 22. Ba3 {[%clk 0:35:00]} Rae8
{[%clk 1:01:52]} 23. Ne5 {[%clk 0:31:52]} Qg5 {[%clk 0:55:33]} 24. Nxc4
{[%clk 0:30:04]} Rf7 {[%clk 0:54:10]} 25. Nd6 {[%clk 0:24:56]} Rg7
{[%clk 0:49:08]} 26. g3 {[%clk 0:24:37]} Nxd6 {[%clk 0:38:29]} 27. Bxd6
{[%clk 0:24:18]} Kf7 {[%clk 0:37:31]} 28. Bf4 {[%clk 0:15:45]} Qg6
{[%clk 0:35:56]} 29. Qe2 {[%clk 0:15:16]} Qg4 {[%clk 0:31:16]} 30. Qxg4
{[%clk 0:13:58]} Rxg4 {[%clk 0:31:33]} 31. Rab1 {[%clk 0:14:23]} b6
{[%clk 0:30:43]} 32. a5 {[%clk 0:14:18]} Nc8 {[%clk 0:30:27]} 33. Rb5
{[%clk 0:11:48]} Rd8 {[%clk 0:26:16]} 34. Bc7 {[%clk 0:09:59]} Rd7
{[%clk 0:26:00]} 35. axb6 {[%clk 0:10:24]} axb6 {[%clk 0:25:48]} 36. Bxb6
{[%clk 0:10:49]} Rb7 {[%clk 0:24:54]} 37. Rfb1 {[%clk 0:09:15]} Re4
{[%clk 0:22:18]} 38. Bc5 {[%clk 0:08:28]} Re1+ {[%clk 0:21:57]} 39. Rxe1
{[%clk 0:08:53]} Rxb5 {[%clk 0:22:24]} 40. Ra1 {[%clk 0:36:30]} Rb7
{[%clk 0:51:32]} 41. Kf2 {[%clk 0:34:05]} Ne7 {[%clk 0:49:45]} 42. Ra7
{[%clk 0:33:56]} Rxa7 {[%clk 0:49:51]} 43. Bxa7 {[%clk 0:34:19]} Nc6
{[%clk 0:47:41]} 44. Bb6 {[%clk 0:34:45]} Ke6 {[%clk 0:45:35]} 45. Kf3
{[%clk 0:32:07]} Kf5 {[%clk 0:42:16]} 46. g4+ {[%clk 0:31:12]} Ke6
{[%clk 0:42:24]} 47. Kf4 {[%clk 0:29:36]} Kf7 {[%clk 0:42:03]} 48. h4
{[%clk 0:28:10]} Ke6 {[%clk 0:40:32]} 49. Ke3 {[%clk 0:25:05]} Kf7
{[%clk 0:40:33]} 50. Kf3 {[%clk 0:23:12]} Ke6 {[%clk 0:39:02]} 51. Kf4
{[%clk 0:23:33]} Kf7 {[%clk 0:39:21]} 52. Bc7 {[%clk 0:23:55]} Ke6
{[%clk 0:38:41]} 53. g5 {[%clk 0:23:11]} Kd7 {[%clk 0:38:17]} 54. gxf6
{[%clk 0:22:00]} Kxc7 55. f7 {[%clk 0:21:08]} Nd8 {[%clk 0:36:07]} 56. f8=N
{[%clk 0:21:35]} h6 {[%clk 0:36:16]} 57. Kf5 {[%clk 0:21:07]} Kd6
{[%clk 0:36:19]} 58. Kg6 {[%clk 0:21:07]} Ke7 {[%clk 0:36:42]} 59. Kg7
{[%clk 0:19:47]} Nf7 {[%clk 0:36:44]} 60. Ng6+ {[%clk 0:20:04]} Ke6
{[%clk 0:36:44]} 61. Nf4+ {[%clk 0:20:13]} Ke7 {[%clk 0:37:07]} 62. Nxd5+
{[%clk 0:20:36]} Ke6 {[%clk 0:37:31]} 63. Nf4+ {[%clk 0:20:18]} Ke7
{[%clk 0:37:55]} 64. Ng6+ {[%clk 0:20:37]} Ke6 {[%clk 0:38:15]} 65. d5+
{[%clk 0:20:59]} 1-0

[Event "WYCC Open U12"]
[Site "Porto Carras"]
[Date "2015.10.28"]
[Round "4.11"]
[White "Tan, Jun Ying"]
[Black "Stoyanov, Tsvetan"]
[Result "0-1"]
[BlackElo "2176"]
[WhiteElo "2013"]
[LiveChessVersion "1.4.6"]

1. c4 {[%clk 1:29:52]} e5 {[%clk 1:30:51]} 2. Nc3 {[%clk 1:29:09]} Nf6
{[%clk 1:31:09]} 3. Nf3 {[%clk 1:28:12]} Nc6 {[%clk 1:31:15]} 4. g3
{[%clk 1:25:33]} d5 {[%clk 1:29:01]} 5. cxd5 {[%clk 1:23:00]} Nxd5
{[%clk 1:29:12]} 6. Bg2 {[%clk 1:21:14]} Be6 {[%clk 1:29:10]} 7. O-O
{[%clk 1:20:06]} Be7 {[%clk 1:27:45]} 8. d3 {[%clk 1:10:06]} O-O {[%clk 1:26:53]}
9. Nxd5 {[%clk 1:06:49]} Bxd5 {[%clk 1:26:48]} 10. Be3 {[%clk 1:04:48]} f5
{[%clk 1:23:24]} 11. Rc1 {[%clk 0:57:33]} Bf6 {[%clk 1:22:48]} 12. a3
{[%clk 0:51:54]} a5 {[%clk 1:19:26]} 13. Nd2 {[%clk 0:46:49]} a4 {[%clk 1:16:59]}
14. Qc2 {[%clk 0:44:56]} Kh8 {[%clk 1:15:26]} 15. Nc4 {[%clk 0:41:11]} f4
{[%clk 0:57:23]} 16. Bc5 {[%clk 0:38:00]} Bxg2 {[%clk 0:55:57]} 17. Rfe1
{[%clk 0:29:37]} Re8 {[%clk 0:55:49]} 18. f3 {[%clk 0:26:39]} Bh3
{[%clk 0:56:13]} 19. g4 {[%clk 0:25:51]} h5 {[%clk 0:56:32]} 20. d4
{[%clk 0:23:44]} e4 {[%clk 0:55:25]} 21. Rcd1 {[%clk 0:19:50]} Bh4
{[%clk 0:55:00]} 22. d5 {[%clk 0:17:15]} Bxe1 {[%clk 0:55:09]} 23. dxc6
{[%clk 0:16:44]} Qg5 {[%clk 0:55:33]} 24. Bd4 {[%clk 0:11:00]} hxg4
{[%clk 0:54:42]} 25. Bxg7+ {[%clk 0:08:17]} Qxg7 {[%clk 0:55:00]} 26. Rd7
{[%clk 0:08:41]} gxf3+ {[%clk 0:55:18]} 27. Rxg7 {[%clk 0:09:06]} f2+
{[%clk 0:55:43]} 28. Kh1 {[%clk 0:07:55]} f1=Q+ {[%clk 0:56:07]} 0-1

[Event "WYCC Open U12"]
[Site "Porto Carras"]
[Date "2015.10.28"]
[Round "4.12"]
[White "Scherbak, Yaroslav"]
[Black "Hong, Andrew Z"]
[Result "0-1"]
[BlackElo "2136"]
[WhiteElo "1877"]
[LiveChessVersion "1.4.6"]

1. d4 {[%clk 1:30:57]} Nf6 {[%clk 1:30:48]} 2. c4 {[%clk 1:31:23]} g6
{[%clk 1:31:02]} 3. Nc3 {[%clk 1:31:50]} Bg7 {[%clk 1:31:15]} 4. e4
{[%clk 1:32:16]} d6 {[%clk 1:31:31]} 5. Be2 {[%clk 1:32:44]} O-O {[%clk 1:31:35]}
6. Bg5 {[%clk 1:33:12]} c5 {[%clk 1:28:14]} 7. d5 {[%clk 1:33:35]} e6
{[%clk 1:27:13]} 8. Nf3 {[%clk 1:25:01]} exd5 {[%clk 1:24:38]} 9. cxd5
{[%clk 1:16:46]} Re8 {[%clk 1:23:02]} 10. Nd2 {[%clk 1:15:53]} a6
{[%clk 1:17:56]} 11. a4 {[%clk 1:15:54]} b6 {[%clk 1:15:59]} 12. O-O
{[%clk 1:15:00]} Nbd7 {[%clk 1:14:19]} 13. f4 {[%clk 1:13:47]} h6
{[%clk 1:11:59]} 14. Bh4 {[%clk 1:13:03]} Qc7 {[%clk 1:10:56]} 15. Bf3
{[%clk 1:08:24]} Rb8 16. Qc2 {[%clk 0:46:42]} b5 {[%clk 1:00:15]} 17. axb5
{[%clk 0:46:29]} axb5 {[%clk 1:00:22]} 18. Bf2 {[%clk 0:45:17]} Kh8
{[%clk 0:50:10]} 19. Ne2 {[%clk 0:34:31]} g5 {[%clk 0:47:51]} 20. g3
{[%clk 0:28:38]} g4 {[%clk 0:41:46]} 21. Bg2 {[%clk 0:28:44]} Nxd5
{[%clk 0:41:01]} 22. exd5 {[%clk 0:24:19]} Rxe2 {[%clk 0:41:13]} 23. Rae1
{[%clk 0:18:01]} Rxe1 {[%clk 0:40:07]} 24. Rxe1 {[%clk 0:18:29]} Nf6
{[%clk 0:38:52]} 25. Nf1 {[%clk 0:14:59]} Bd7 {[%clk 0:30:55]} 26. Re7
{[%clk 0:13:12]} Kg8 {[%clk 0:30:16]} 27. b3 {[%clk 0:11:39]} Re8
{[%clk 0:25:22]} 28. Rxe8+ {[%clk 0:12:01]} Nxe8 {[%clk 0:25:09]} 29. Ne3
{[%clk 0:11:02]} Qa5 {[%clk 0:22:39]} 30. Be4 {[%clk 0:09:22]} Qc3
{[%clk 0:20:06]} 31. Qxc3 {[%clk 0:08:21]} Bxc3 {[%clk 0:20:28]} 32. Nf5
{[%clk 0:08:39]} h5 {[%clk 0:18:23]} 33. Kf1 {[%clk 0:07:47]} Ba5
{[%clk 0:16:21]} 34. Ne3 {[%clk 0:03:35]} Nf6 {[%clk 0:13:43]} 35. Bf5
{[%clk 0:03:33]} Bxf5 {[%clk 0:12:35]} 36. Nxf5 {[%clk 0:04:00]} Bc7
{[%clk 0:12:26]} 37. Ne3 {[%clk 0:04:11]} Kf8 {[%clk 0:11:11]} 38. Ke2
{[%clk 0:04:31]} Ke7 {[%clk 0:10:49]} 39. Be1 {[%clk 0:04:39]} Bb6
{[%clk 0:10:35]} 40. Kd3 {[%clk 0:34:31]} c4+ {[%clk 0:34:54]} 41. bxc4
{[%clk 0:34:01]} bxc4+ {[%clk 0:35:08]} 42. Nxc4 {[%clk 0:34:25]} Bg1
{[%clk 0:33:17]} 43. Ne3 {[%clk 0:21:28]} Bxe3 {[%clk 0:24:46]} 44. Kxe3
{[%clk 0:21:54]} Nxd5+ {[%clk 0:24:58]} 45. Ke4 {[%clk 0:22:18]} Nc7
{[%clk 0:23:50]} 46. Kf5 {[%clk 0:20:07]} Nb5 {[%clk 0:19:25]} 47. Kg5
{[%clk 0:19:02]} Nd4 {[%clk 0:19:16]} 48. Kxh5 {[%clk 0:19:18]} f5
{[%clk 0:18:20]} 49. Bb4 {[%clk 0:15:10]} Ke6 {[%clk 0:18:20]} 50. Kg6
{[%clk 0:15:33]} d5 {[%clk 0:18:32]} 51. Bc5 {[%clk 0:14:34]} Nf3
{[%clk 0:18:30]} 52. Bf2 {[%clk 0:13:53]} Nxh2 {[%clk 0:18:45]} 53. Be3
{[%clk 0:13:34]} Nf3 {[%clk 0:19:01]} 54. Bf2 {[%clk 0:13:53]} d4
{[%clk 0:19:20]} 55. Kh5 {[%clk 0:14:14]} d3 {[%clk 0:19:41]} 56. Be3
{[%clk 0:14:42]} d2 {[%clk 0:19:52]} 57. Bxd2 {[%clk 0:15:09]} Nxd2
{[%clk 0:20:10]} 58. Kg5 {[%clk 0:15:19]} Nf1 {[%clk 0:20:25]} 59. Kh4
{[%clk 0:15:45]} Kf6 {[%clk 0:20:26]} 60. Kh5 {[%clk 0:16:12]} Nxg3+
{[%clk 0:20:44]} 61. Kh4 {[%clk 0:16:33]} Ne2 {[%clk 0:21:07]} 62. Kh5
{[%clk 0:16:54]} Nxf4+ {[%clk 0:21:18]} 63. Kh4 {[%clk 0:17:21]} Ne2
{[%clk 0:21:32]} 64. Kh5 {[%clk 0:17:48]} g3 {[%clk 0:21:51]} 0-1

[Event "WYCC Open U12"]
[Site "Porto Carras"]
[Date "2015.10.29"]
[Round "5.1"]
[White "Abdusattorov, Nodirbek"]
[Black "Niemann, Hans M"]
[Result "1-0"]
[BlackElo "2046"]
[WhiteElo "2432"]
[LiveChessVersion "1.4.6"]

1. e4 {[%clk 1:30:56]} e6 {[%clk 1:30:28]} 2. d4 {[%clk 1:30:54]} d5
{[%clk 1:30:39]} 3. Nd2 {[%clk 1:31:11]} c5 {[%clk 1:30:33]} 4. Ngf3
{[%clk 1:31:05]} cxd4 {[%clk 1:30:53]} 5. Nxd4 {[%clk 1:31:02]} Nf6
{[%clk 1:31:04]} 6. exd5 {[%clk 1:30:18]} Qxd5 {[%clk 1:31:19]} 7. N2f3
{[%clk 1:29:29]} Bc5 {[%clk 1:27:44]} 8. Be2 {[%clk 1:23:01]} O-O
{[%clk 1:24:26]} 9. O-O {[%clk 1:19:37]} Nc6 {[%clk 1:18:12]} 10. c4
{[%clk 1:12:53]} Qd7 {[%clk 1:13:33]} 11. Nb3 {[%clk 1:09:34]} Be7
{[%clk 1:11:01]} 12. Bf4 {[%clk 1:07:39]} Qxd1 {[%clk 1:04:24]} 13. Rfxd1
{[%clk 1:07:21]} b6 {[%clk 1:03:13]} 14. Nbd4 {[%clk 0:59:53]} Bb7
{[%clk 0:50:07]} 15. Nxc6 {[%clk 0:57:03]} Bxc6 {[%clk 0:49:26]} 16. Nd4
{[%clk 0:57:22]} Bb7 {[%clk 0:47:25]} 17. Nb5 {[%clk 0:57:09]} Ne4
{[%clk 0:44:57]} 18. Rd7 {[%clk 0:57:17]} Bc5 {[%clk 0:43:03]} 19. Rxb7
{[%clk 0:57:16]} Nxf2 {[%clk 0:43:16]} 20. Kf1 a6 1-0

[Event "WYCC Open U12"]
[Site "Porto Carras"]
[Date "2015.10.29"]
[Round "5.2"]
[White "Muradli, Mahammad"]
[Black "Firouzja, Alireza"]
[Result "1/2-1/2"]
[BlackElo "2364"]
[WhiteElo "2121"]
[LiveChessVersion "1.4.6"]

1. d4 {[%clk 1:30:37]} Nf6 {[%clk 1:30:52]} 2. c4 {[%clk 1:31:05]} g6
{[%clk 1:31:15]} 3. Nc3 {[%clk 1:31:32]} Bg7 {[%clk 1:31:39]} 4. e4
{[%clk 1:31:47]} d6 {[%clk 1:32:02]} 5. Nf3 {[%clk 1:32:15]} O-O {[%clk 1:32:24]}
6. Be2 {[%clk 1:32:40]} e5 {[%clk 1:32:48]} 7. Be3 {[%clk 1:33:07]} Ng4
{[%clk 1:32:55]} 8. Bg5 {[%clk 1:33:23]} f6 {[%clk 1:33:19]} 9. Bh4
{[%clk 1:33:22]} g5 {[%clk 1:33:37]} 10. Bg3 {[%clk 1:33:39]} Nh6
{[%clk 1:33:42]} 11. d5 {[%clk 1:33:45]} f5 {[%clk 1:19:04]} 12. exf5
{[%clk 1:33:44]} Nxf5 {[%clk 1:19:06]} 13. Nd2 {[%clk 1:31:06]} Nd7
{[%clk 1:11:30]} 14. Nde4 {[%clk 1:28:03]} h6 {[%clk 1:10:53]} 15. O-O
{[%clk 1:27:21]} Nf6 {[%clk 1:07:01]} 16. Rc1 {[%clk 1:19:40]} c5
{[%clk 1:00:06]} 17. Bd3 {[%clk 1:10:46]} Nxe4 {[%clk 0:48:52]} 18. Nxe4
{[%clk 1:08:45]} Qe8 {[%clk 0:42:42]} 19. Be2 {[%clk 1:03:35]} Qe7
{[%clk 0:37:13]} 20. Bg4 {[%clk 0:54:05]} Bd7 {[%clk 0:36:52]} 21. Re1
{[%clk 0:42:12]} Be8 {[%clk 0:26:59]} 22. b4 {[%clk 0:35:02]} b6 {[%clk 0:26:26]}
23. bxc5 {[%clk 0:35:04]} bxc5 {[%clk 0:26:49]} 24. Bxf5 {[%clk 0:34:52]} Rxf5
{[%clk 0:27:08]} 25. Rb1 {[%clk 0:35:05]} h5 {[%clk 0:20:10]} 26. f3
{[%clk 0:34:25]} Bg6 {[%clk 0:17:50]} 27. Re2 {[%clk 0:30:44]} h4
{[%clk 0:15:02]} 28. Bf2 {[%clk 0:29:19]} g4 {[%clk 0:15:21]} 29. fxg4
{[%clk 0:15:16]} Rf4 {[%clk 0:15:45]} 30. Qe1 {[%clk 0:15:42]} Raf8
{[%clk 0:15:10]} 31. Rbb2 {[%clk 0:14:26]} Rxg4 {[%clk 0:14:48]} 32. g3
{[%clk 0:13:52]} hxg3 {[%clk 0:13:12]} 33. Bxg3 {[%clk 0:13:25]} Bf5
{[%clk 0:03:03]} 34. h3 {[%clk 0:12:15]} Rg6 {[%clk 0:03:08]} 35. Kh2 Rh6
{[%clk 0:03:17]} 36. h4 {[%clk 0:12:36]} Bg4 {[%clk 0:03:18]} 37. Re3
{[%clk 0:10:32]} Bf3 {[%clk 0:01:30]} 38. Rbb3 {[%clk 0:10:38]} Bg4
{[%clk 0:01:04]} 39. Qh1 {[%clk 0:06:30]} Rh5 {[%clk 0:00:41]} 40. Qg2
{[%clk 0:34:11]} Bh6 {[%clk 0:30:38]} 41. Re1 {[%clk 0:33:45]} Kh8
{[%clk 0:25:06]} 42. Rf1 {[%clk 0:31:02]} Bf4 {[%clk 0:17:25]} 43. Kg1
{[%clk 0:28:52]} Rg8 {[%clk 0:15:16]} 44. Ng5 {[%clk 0:18:48]} Bxg5
{[%clk 0:14:47]} 45. hxg5 {[%clk 0:19:04]} Qxg5 {[%clk 0:14:21]} 46. Rf7
{[%clk 0:16:49]} Bh3 {[%clk 0:10:31]} 47. Qf3 {[%clk 0:13:53]} Qc1+
{[%clk 0:07:52]} 48. Kf2 {[%clk 0:13:16]} Rh6 {[%clk 0:04:56]} 49. Qe2
{[%clk 0:12:12]} Qg5 {[%clk 0:04:23]} 50. Qe3 {[%clk 0:10:19]} Rf6+
{[%clk 0:03:59]} 51. Rxf6 {[%clk 0:10:39]} Qxf6+ {[%clk 0:04:25]} 52. Qf3
{[%clk 0:10:36]} Rf8 {[%clk 0:03:37]} 53. Qxf6+ {[%clk 0:09:19]} Rxf6+
{[%clk 0:04:01]} 54. Ke1 {[%clk 0:09:04]} Bf1 {[%clk 0:00:40]} 55. Bh4
{[%clk 0:08:44]} Rh6 {[%clk 0:00:40]} 56. Rb8+ {[%clk 0:07:42]} Kh7
{[%clk 0:00:55]} 57. Rb7+ {[%clk 0:07:32]} Kg8 {[%clk 0:00:42]} 58. Kxf1
{[%clk 0:06:43]} Rxh4 {[%clk 0:01:09]} 59. Rxa7 {[%clk 0:06:59]} Rxc4
{[%clk 0:00:52]} 60. Ra6 {[%clk 0:07:10]} Rf4+ {[%clk 0:00:38]} 61. Ke2
{[%clk 0:07:32]} Rf6 {[%clk 0:00:44]} 62. Ra7 {[%clk 0:07:15]} Kf8
{[%clk 0:01:02]} 63. a4 {[%clk 0:07:30]} Ke8 {[%clk 0:01:28]} 64. a5
{[%clk 0:07:46]} Rf4 {[%clk 0:00:55]} 65. Ra6 {[%clk 0:07:25]} Kd7
{[%clk 0:01:15]} 66. Ra7+ {[%clk 0:07:43]} Kc8 {[%clk 0:01:08]} 67. Ra6
{[%clk 0:07:58]} Kc7 {[%clk 0:00:46]} 68. Ra7+ {[%clk 0:07:05]} Kc8
{[%clk 0:00:51]} 69. Ra6 {[%clk 0:07:07]} Kd7 {[%clk 0:00:47]} 70. Ra7+
{[%clk 0:07:31]} Kd8 {[%clk 0:00:43]} 71. Ra6 {[%clk 0:07:55]} Ke7
{[%clk 0:00:40]} 72. Ra7+ {[%clk 0:08:17]} Kf6 {[%clk 0:00:35]} 73. Rd7
{[%clk 0:08:04]} Ra4 {[%clk 0:00:35]} 74. Rxd6+ {[%clk 0:08:26]} Kf5
{[%clk 0:01:02]} 75. Rc6 {[%clk 0:07:34]} Rxa5 {[%clk 0:01:19]} 76. Kd3
{[%clk 0:08:00]} 1/2-1/2